| 000 | 00583nam a22001697a 4500 | ||
|---|---|---|---|
| 005 | 20251108175737.0 | ||
| 008 | 250721s2017 xx 000 0 ara d | ||
| 082 | 1 | 4 | _a956.08/فري |
| 100 | 1 | _aفريد، محمد بك | |
| 245 | 1 | 0 | _aتاريخ الدولة العلية العثمانية / |
| 264 | 1 |
_aالاسكندرية : _bدار الوفاء لدنيا الطباعة والنشر، _c2017. |
|
| 300 | _a675ص. | ||
| 650 | 1 | 7 | _aالتاريخ الاسلامي |
| 650 | 1 | 7 | _aالامبراطورية العثمانية (1402-1922) |
| 942 |
_2ddc _cBK |
||
| 999 |
_c141352 _d141352 |
||